000 00409nam a22001697a 4500
005 20180704121413.0
008 160512b xxu||||| |||| 00| 0 eng d
020 _a81-259-0638-x
041 _aeng
082 _b1426
_a658.15
100 _aPandey IM
_94455
245 _aFinancial Management
260 _bVikas Publishing house Pvt. Ltd.
_c1999
300 _a226P,
650 _aManagement
_9241
942 _cBK
999 _c608
_d608